[Event "M.Chigorin Memorial"]
[Site "St. Petersburg RUS"]
[Date "2009.10.16"]
[Round "1.110"]
[White "Klepikov, Nikita"]
[Black "Shchukin, Dmitry"]
[Result "0-1"]
[WhiteElo "1873"]
[BlackElo "2368"]
[PlyCount "108"]

1. e4 c5 2. Nf3 Nf6 3. e5 Nd5 4. Nc3 Nxc3 5. dxc3 e6 6. Bf4 Nc6 7. Qe2 b5 8. h4
h6 9. Nd2 b4 10. Ne4 bxc3 11. Nxc3 Rb8 12. Rb1 Qa5 13. Qd2 Nd4 14. a3 Ba6 15.
Bxa6 Qxa6 16. Qd3 Qxd3 17. cxd3 Be7 18. Ne4 O-O 19. Kd2 Rb6 20. Rhc1 Nb3+ 21.
Kc2 Nxc1 22. Kxc1 Rc8 23. Kd2 c4 24. dxc4 Rxc4 25. Kd3 Ra4 26. g3 Rxa3+ 27. Kc2
Ra5 28. Nc3 d5 29. exd6 Bxd6 30. Be3 Rc6 31. Rd1 Bc5 32. Bxc5 Raxc5 33. Rd8+
Kh7 34. Rd7 Rc7 35. Rd2 g5 36. hxg5 hxg5 37. Kb1 Kg6 38. Rd8 Rxc3 39. bxc3 Rxc3
40. Rd7 Rf3 41. Rd2 Rc3 42. Ra2 Rc7 43. Ra3 f5 44. Ra6 Kf6 45. Kb2 g4 46. Kb3
Ke5 47. Ra4 Kd5 48. Kb2 e5 49. Kb3 Rc1 50. Rxa7 Ke4 51. Ra4+ Kf3 52. Ra5 Re1
53. Ra6 Kxf2 54. Rf6 Re3+ 0-1

[Event "M.Chigorin Memorial"]
[Site "St. Petersburg RUS"]
[Date "2009.10.16"]
[Round "1.111"]
[White "Demianjuk, Alexander"]
[Black "Mamedov, Elmin"]
[Result "1-0"]
[WhiteElo "2367"]
[BlackElo "1831"]
[PlyCount "55"]

1. c4 Nf6 2. d4 c5 3. d5 d6 4. Nc3 g6 5. e4 Bg7 6. Bd3 O-O 7. Nge2 e6 8. O-O
exd5 9. exd5 a6 10. h3 Re8 11. Bg5 h6 12. Bd2 Nbd7 13. f4 Rb8 14. a4 Nb6 15.
Qc2 Bd7 16. Ng3 Nh7 17. f5 g5 18. Nce4 Nc8 19. Kh1 b5 20. axb5 axb5 21. f6 Nxf6
22. Nxf6+ Bxf6 23. Nh5 Bg7 24. Bh7+ Kh8 25. Nxg7 Kxg7 26. Rxf7+ Kxf7 27. Qg6+
Ke7 28. Qg7# 1-0

[Event "M.Chigorin Memorial"]
[Site "St. Petersburg RUS"]
[Date "2009.10.16"]
[Round "1.112"]
[White "Gogolev, Artem"]
[Black "Biriukov, Oleg V."]
[Result "0-1"]
[WhiteElo "1830"]
[BlackElo "2362"]
[PlyCount "98"]

1. e4 c5 2. Nc3 Nc6 3. d3 g6 4. g3 Bg7 5. Bg2 d6 6. Nge2 e6 7. O-O Nge7 8. Be3
Nd4 9. f4 O-O 10. Qd2 b6 11. f5 Nec6 12. g4 Nxe2+ 13. Qxe2 Rb8 14. Bh3 Qh4 15.
Kg2 gxf5 16. gxf5 a5 17. Bf2 Qh6 18. Be3 Qh4 19. Bf2 Qg5+ 20. Kh1 Kh8 21. Be3
Qh4 22. Rf3 Nd4 23. Bxd4 Bxd4 24. Raf1 Rg8 25. Nd1 Bd7 26. c3 Be5 27. Ne3 b5
28. Nc2 b4 29. d4 cxd4 30. cxd4 Bg3 31. fxe6 Bb5 32. Qg2 Be1 33. Qxg8+ Rxg8 34.
Rxe1 fxe6 35. Bxe6 Rg6 36. Rf8+ Kg7 37. Rf7+ Kh6 38. Bf5 Bd3 39. Bxg6 hxg6 40.
Re3 Bxe4+ 41. Kg1 Bxc2 42. d5 Qd4 43. Kf2 Bf5 44. Rb7 Qf4+ 45. Rf3 Qxh2+ 46.
Ke3 Qe5+ 47. Kf2 Qxb2+ 48. Kg3 Qe5+ 49. Kf2 Qxd5 0-1

[Event "M.Chigorin Memorial"]
[Site "St. Petersburg RUS"]
[Date "2009.10.16"]
[Round "1.113"]
[White "Predke, Alexandr"]
[Black "Tropin, Nikolay"]
[Result "1-0"]
[WhiteElo "2361"]
[BlackElo "1798"]
[PlyCount "65"]

1. e4 e5 2. Nf3 Nc6 3. Bb5 a6 4. Ba4 d6 5. d4 b5 6. Bb3 Na5 7. dxe5 Nxb3 8.
axb3 Qe7 9. O-O dxe5 10. Qd5 Ra7 11. Nxe5 Bb7 12. Nc6 Qf6 13. Qe5+ Qxe5 14.
Nxe5 Nf6 15. Be3 Ra8 16. f3 Be7 17. Nd3 O-O 18. b4 Rad8 19. Nd2 Nd7 20. Nb3 Bf6
21. Nbc5 Nxc5 22. Nxc5 Bc8 23. c3 Rd6 24. Bf4 Rc6 25. Rfd1 Be7 26. Nd7 Rd8 27.
Nb8 Rxd1+ 28. Rxd1 Rc4 29. Bd2 Bxb4 30. b3 Bc5+ 31. Kh1 Ba7 32. bxc4 Bxb8 33.
Be3 1-0

[Event "M.Chigorin Memorial"]
[Site "St. Petersburg RUS"]
[Date "2009.10.16"]
[Round "1.114"]
[White "Esipovich, Stanislav"]
[Black "Pankov, German"]
[Result "0-1"]
[WhiteElo "1777"]
[BlackElo "2359"]
[PlyCount "66"]

1. d4 d5 2. c4 e5 3. dxe5 d4 4. Nf3 Nc6 5. a3 a5 6. e3 Bc5 7. exd4 Bxd4 8. Nxd4
Qxd4 9. Qxd4 Nxd4 10. Kd1 Bg4+ 11. f3 Nxf3 12. Kc2 Nxe5 13. Bf4 Bf5+ 14. Kc3 f6
15. Nd2 O-O-O 16. Bxe5 fxe5 17. Re1 Re8 18. Nf3 Nf6 19. Rxe5 Rxe5 20. Nxe5 Ne4+
21. Kb3 Nf2 22. Rg1 Re8 23. Nf3 Re3+ 24. Ka2 c5 25. h3 Bc2 26. Nd2 a4 27. Nf3
Ne4 28. h4 Ng3 29. h5 g5 30. b4 axb3+ 31. Kb2 g4 32. Nd2 Re1 33. Kc3 Kc7 0-1

[Event "M.Chigorin Memorial"]
[Site "St. Petersburg RUS"]
[Date "2009.10.16"]
[Round "1.115"]
[White "Dzhumagaliev, Yan"]
[Black "Pitkanen, Juhani"]
[Result "1-0"]
[WhiteElo "2358"]
[BlackElo "1775"]
[PlyCount "61"]

1. d4 Nf6 2. Nf3 g6 3. c4 Bg7 4. Nc3 d6 5. e4 O-O 6. Be2 e5 7. O-O Nc6 8. d5
Ne7 9. Ne1 Nd7 10. Be3 f5 11. f3 Nf6 12. c5 f4 13. Bf2 g5 14. cxd6 cxd6 15. a4
h5 16. a5 g4 17. Nb5 g3 18. Bxa7 Ne8 19. Bb6 Qd7 20. Na7 Rxa7 21. Bxa7 h4 22.
Qa4 Qxa4 23. Rxa4 h3 24. a6 bxa6 25. Bxa6 Bd7 26. Rb4 Kf7 27. Rb7 Nf6 28. Rb8
Be8 29. gxh3 Rh8 30. hxg3 Rxh3 31. g4 1-0

[Event "M.Chigorin Memorial"]
[Site "St. Petersburg RUS"]
[Date "2009.10.16"]
[Round "1.116"]
[White "Fedoseeva, Valentina"]
[Black "Nukin, Askhat"]
[Result "0-1"]
[WhiteElo "1762"]
[BlackElo "2353"]
[PlyCount "42"]

1. e4 e5 2. Nf3 Nc6 3. Bb5 a6 4. Ba4 Nf6 5. O-O Be7 6. d3 d6 7. h3 O-O 8. c3 b5
9. Bc2 h6 10. d4 Bb7 11. Re1 exd4 12. Nxd4 Re8 13. Qf3 Bf8 14. Nf5 d5 15. Qg3
Kh8 16. e5 Ne4 17. Qf4 Nxe5 18. f3 Ng6 19. Nxh6 gxh6 20. Qxf7 Qh4 21. Rf1 Bc5+
0-1

[Event "M.Chigorin Memorial"]
[Site "St. Petersburg RUS"]
[Date "2009.10.16"]
[Round "1.117"]
[White "Fedoseev, Vladimir"]
[Black "Belsky, Artyom"]
[Result "1-0"]
[WhiteElo "2352"]
[BlackElo "1528"]
[PlyCount "75"]

1. e4 e6 2. d4 d5 3. Nc3 Nf6 4. Bg5 Be7 5. e5 Nfd7 6. h4 Bxg5 7. hxg5 Qxg5 8.
Nh3 Qe7 9. Qg4 g6 10. Bd3 Nc6 11. O-O-O Nb6 12. Qf4 Bd7 13. Ng5 h5 14. g4 h4
15. Nb5 O-O-O 16. Nf3 Na5 17. Qf6 Qf8 18. Nc3 h3 19. Ne2 Nac4 20. c3 Ba4 21.
Rdg1 Kb8 22. Ng5 Rd7 23. Rg3 h2 24. Rg2 Bc6 25. Rgxh2 Rxh2 26. Rxh2 Qe7 27.
Qxe7 Rxe7 28. Rh8+ Nc8 29. Bxc4 dxc4 30. Rh7 f5 31. exf6 Rxh7 32. Nxh7 Nd6 33.
Nf4 Nf7 34. Nxg6 Be4 35. Ne5 Nxe5 36. dxe5 Bg6 37. Nf8 Bf7 38. g5 1-0

[Event "M.Chigorin Memorial"]
[Site "St. Petersburg RUS"]
[Date "2009.10.16"]
[Round "1.131"]
[White "Walseth, Tron"]
[Black "Battaglini, Gabriel"]
[Result "0-1"]
[WhiteElo "2020"]
[BlackElo "2360"]
[PlyCount "44"]

1. c4 c6 2. g3 d5 3. Bg2 Nf6 4. Nf3 Nbd7 5. d4 e6 6. O-O Be7 7. Qc2 O-O 8. Nbd2
b6 9. e4 dxe4 10. Nxe4 Bb7 11. Bf4 Nxe4 12. Qxe4 Nf6 13. Qe2 c5 14. Rfd1 cxd4
15. Rxd4 Qc8 16. Rad1 Bc5 17. Bd6 Bxd4 18. Bxf8 Bxf2+ 19. Kxf2 Qxf8 20. Rd3
Qc5+ 21. Rd4 Ng4+ 22. Kg1 Rd8 0-1

[Event "M.Chigorin Memorial"]
[Site "St. Petersburg RUS"]
[Date "2009.10.16"]
[Round "1.132"]
[White "Safarli, Eltaj"]
[Black "Agaragimov, Djakhangir"]
[Result "1-0"]
[WhiteElo "2587"]
[BlackElo "2313"]
[PlyCount "41"]

1. e4 d5 2. exd5 Qxd5 3. Nc3 Qd6 4. d4 Nf6 5. Nb5 Qb6 6. c4 a6 7. Nc3 Nc6 8. d5
Ng4 9. Nh3 Nd4 10. Be2 Nxe2 11. Qxe2 Bf5 12. O-O O-O-O 13. Ng5 Qg6 14. Rd1 h6
15. Nf3 e5 16. h3 h5 17. Be3 Nxe3 18. Qxe3 f6 19. Nh4 Qh7 20. Nxf5 Qxf5 21. Qa7
1-0

[Event "M.Chigorin Memorial"]
[Site "St. Petersburg RUS"]
[Date "2009.10.17"]
[Round "2.2"]
[White "Kurnosov, Igor"]
[Black "Lintchevski, Daniil"]
[Result "1-0"]
[WhiteElo "2669"]
[BlackElo "2499"]
[PlyCount "75"]
[EventDate "2009.??.??"]

1. e4 c5 2. Nf3 e6 3. d4 cxd4 4. Nxd4 Nf6 5. Nc3 Nc6 6. Ndb5 Bb4 7. a3 Bxc3+ 8.
Nxc3 d5 9. exd5 exd5 10. Bd3 O-O 11. O-O d4 12. Ne2 Bg4 13. Bg5 Qd6 14. Qd2
Bxe2 15. Bf4 Qd5 16. Bxe2 Rfe8 17. Rae1 Rad8 18. Bd3 Ne5 19. Bxe5 Rxe5 20. Rxe5
Qxe5 21. Re1 Qc7 22. g3 g6 23. Qb4 Kg7 24. Re7 Rd7 25. Rxd7 Qxd7 26. Qc5 a6 27.
Qe5 b5 28. Kg2 Qc6+ 29. f3 Qd5 30. Qxd5 Nxd5 31. Kf2 Kf6 32. Ke2 Ke6 33. Kd2
Ne3 34. b3 Kd6 35. Be4 a5 36. Kd3 Nf1 37. Ke2 Ne3 38. c3 1-0

[Event "M.Chigorin Memorial"]
[Site "St. Petersburg RUS"]
[Date "2009.10.17"]
[Round "2.3"]
[White "Shinkevich, Vitaly"]
[Black "Areshchenko, Alexander"]
[Result "1/2-1/2"]
[WhiteElo "2496"]
[BlackElo "2667"]
[PlyCount "26"]
[EventDate "2009.??.??"]

1. Nf3 Nf6 2. c4 g6 3. Nc3 Bg7 4. e4 O-O 5. d4 d6 6. h3 Na6 7. Bg5 c5 8. d5 e6
9. dxe6 Bxe6 10. Qd2 Qb6 11. Rc1 Nb4 12. Be2 Nc6 13. O-O Nd4 1/2-1/2

[Event "M.Chigorin Memorial"]
[Site "St. Petersburg RUS"]
[Date "2009.10.17"]
[Round "2.4"]
[White "Dreev, Alexey"]
[Black "Tunik, Gennady"]
[Result "1-0"]
[WhiteElo "2659"]
[BlackElo "2493"]
[PlyCount "87"]
[EventDate "2009.??.??"]

1. d4 Nf6 2. c4 e6 3. Nc3 Bb4 4. Qc2 d5 5. cxd5 exd5 6. Bg5 Nbd7 7. e3 c5 8.
Bd3 h6 9. Bh4 c4 10. Bf5 Nb6 11. Nge2 O-O 12. O-O Re8 13. a4 a5 14. Nb5 Bd6 15.
Nec3 g5 16. Nxd6 Qxd6 17. Bg3 Bxf5 18. Qxf5 Qe6 19. Qxe6 Rxe6 20. Nb5 Ne8 21.
Rfe1 Nc8 22. f3 Ne7 23. e4 Rc8 24. Ra3 Rcc6 25. Rae3 Kf8 26. Nc3 Rb6 27. R3e2
Nf6 28. Be5 dxe4 29. fxe4 Rxe5 30. dxe5 Ng4 31. Nb5 Nxe5 32. Rd1 Nd3 33. b3 Nf4
34. Re3 Rc6 35. Rc1 cxb3 36. Rxc6 Nxc6 37. Rxb3 Ke7 38. Na3 Nb4 39. Nc4 Ne2+
40. Kf1 Nd4 41. Rb2 b6 42. Nxb6 f5 43. exf5 Nxf5 44. Nc4 1-0

[Event "M.Chigorin Memorial"]
[Site "St. Petersburg RUS"]
[Date "2009.10.17"]
[Round "2.5"]
[White "Krylov, Mikhail"]
[Black "Kobalia, Mikhail"]
[Result "1/2-1/2"]
[WhiteElo "2489"]
[BlackElo "2648"]
[PlyCount "91"]
[EventDate "2009.??.??"]

1. d4 d5 2. c4 c6 3. Nf3 Nf6 4. Nc3 e6 5. e3 a6 6. b3 Bb4 7. Bd2 O-O 8. Bd3
Nbd7 9. O-O Bd6 10. Rc1 Re8 11. h3 h6 12. e4 dxc4 13. bxc4 e5 14. d5 Nc5 15.
Bb1 cxd5 16. cxd5 b5 17. Be3 Bd7 18. Nd2 Rc8 19. Qf3 Qe7 20. Ne2 Rc7 21. g4
Rec8 22. Ng3 Nh7 23. Qg2 Na4 24. Rxc7 Rxc7 25. Nf5 Bxf5 26. gxf5 Kh8 27. Nb3
Qh4 28. Na5 Nc3 29. Nc6 Ng5 30. Bxg5 Qxg5 31. Qxg5 hxg5 32. Bd3 f6 33. Rc1 Na4
34. Kf1 Nc5 35. Ke2 g6 36. fxg6 Kg7 37. h4 gxh4 38. Rh1 Kxg6 39. Rxh4 Rh7 40.
Rxh7 Kxh7 41. Bc2 Kg6 42. Nd8 Be7 43. Ne6 Nd7 44. a4 Bd6 45. axb5 axb5 46. Bd3
1/2-1/2

[Event "M.Chigorin Memorial"]
[Site "St. Petersburg RUS"]
[Date "2009.10.17"]
[Round "2.6"]
[White "Kovalenko, Igor"]
[Black "Kazhgaleyev, Murtas"]
[Result "0-1"]
[WhiteElo "2484"]
[BlackElo "2643"]
[PlyCount "106"]
[EventDate "2009.??.??"]

1. d4 d5 2. Nf3 Nf6 3. c4 c6 4. e3 Bf5 5. Nc3 e6 6. Bd3 Bg6 7. O-O Nbd7 8. Qe2
Bb4 9. Bd2 Bxd3 10. Qxd3 a5 11. a3 Be7 12. b3 O-O 13. e4 Nc5 14. dxc5 dxe4 15.
Qxd8 Rfxd8 16. Be3 exf3 17. gxf3 Rd3 18. Na4 Rad8 19. b4 axb4 20. axb4 Nd7 21.
f4 Bf6 22. Rab1 e5 23. Nb6 exf4 24. Bxf4 Ne5 25. Kg2 h5 26. Rfe1 Ng6 27. Bc7
R8d4 28. Re8+ Kh7 29. Rb8 Nh4+ 30. Kf1 Nf3 31. Rc1 Ra3 32. Kg2 Rd2 33. Bf4 Nh4+
34. Kg1 Rb2 35. Nd7 Ng6 36. Nxf6+ gxf6 37. Be3 Rxb4 38. Re1 Nh4 39. Kf1 Ra2 40.
Bd4 Kg7 41. Rc1 Nf3 42. Be3 Nxh2+ 43. Kg2 Ng4 44. Kg3 Nxe3 45. fxe3 Ra5 46. Kf4
Rxc5 47. Rg1+ Rg5 48. Rxg5+ fxg5+ 49. Kxg5 h4 50. Kxh4 Rxc4+ 51. Kg5 b5 52. Kf5
b4 53. e4 Rc5+ 0-1

[Event "M.Chigorin Memorial"]
[Site "St. Petersburg RUS"]
[Date "2009.10.17"]
[Round "2.7"]
[White "Babujian, Levon"]
[Black "Savchenko, Boris"]
[Result "1/2-1/2"]
[WhiteElo "2474"]
[BlackElo "2638"]
[PlyCount "78"]
[EventDate "2009.??.??"]

1. d4 Nf6 2. c4 g6 3. Nc3 Bg7 4. Nf3 d6 5. g3 O-O 6. Bg2 Nbd7 7. O-O e5 8. e4
c6 9. h3 a5 10. Be3 Re8 11. Qc2 exd4 12. Nxd4 Nb6 13. b3 Nfd7 14. Rad1 a4 15.
Rfe1 Qe7 16. Nde2 axb3 17. axb3 Nc5 18. Bd4 Bf8 19. Nf4 Nbd7 20. Nce2 Ne5 21.
Bb2 f5 22. Nc3 Qf7 23. h4 fxe4 24. Nxe4 Bf5 25. Qc3 Bxe4 26. Bxe4 Ra2 27. Kg2
Nxe4 28. Rxe4 Bg7 29. Rxd6 Rxb2 30. Qxb2 Nxc4 31. Rxe8+ Qxe8 32. Re6 Qxe6 33.
Qxg7+ Kxg7 34. Nxe6+ Kf6 35. Nc5 Nd6 36. Kf3 Ke5 37. Ke3 h5 38. Nd3+ Kf5 39. f3
g5 1/2-1/2

[Event "M.Chigorin Memorial"]
[Site "St. Petersburg RUS"]
[Date "2009.10.17"]
[Round "2.8"]
[White "Tihonov, Jurij"]
[Black "Kokarev, Dmitry"]
[Result "0-1"]
[WhiteElo "2460"]
[BlackElo "2630"]
[PlyCount "55"]
[EventDate "2009.??.??"]

1. Nf3 c5 2. c4 g6 3. d4 cxd4 4. Nxd4 Bg7 5. e4 Nc6 6. Be3 Nf6 7. Nc3 O-O 8.
Be2 b6 9. O-O Bb7 10. f3 e6 11. Re1 d5 12. Nxc6 Bxc6 13. cxd5 exd5 14. e5 Nh5
15. f4 d4 16. Bxh5 dxc3 17. Bf3 cxb2 18. Rb1 Bxf3 19. Qxf3 f6 20. Qe4 fxe5 21.
fxe5 Qc7 22. Bd4 Qc4 23. Qe3 Rad8 24. Bxb2 Qxa2 25. h3 Rfe8 26. Kh1 Rc8 27. Qf2
Rxe5 28. Qg3 0-1

[Event "M.Chigorin Memorial"]
[Site "St. Petersburg RUS"]
[Date "2009.10.17"]
[Round "2.9"]
[White "Azarov, Sergei"]
[Black "Rozum, Ivan"]
[Result "1/2-1/2"]
[WhiteElo "2625"]
[BlackElo "2457"]
[PlyCount "127"]
[EventDate "2009.??.??"]

1. e4 c6 2. d4 d5 3. Nc3 dxe4 4. Nxe4 Bf5 5. Ng3 Bg6 6. Nh3 Nf6 7. Nf4 e5 8.
dxe5 Qa5+ 9. c3 Qxe5+ 10. Be2 Nbd7 11. O-O O-O-O 12. Qa4 Bc5 13. Nd3 Bxd3 14.
Bxd3 Nd5 15. Bd2 Kb8 16. b4 Nf4 17. Rae1 Qc7 18. Bb1 Nf6 19. Bc1 Bb6 20. c4 Bd4
21. Qb3 Ka8 22. Nf5 Be5 23. b5 g6 24. Nh6 Rd7 25. Qf3 Ne6 26. bxc6 bxc6 27. Qh3
Rb8 28. Bc2 Bf4 29. Bxf4 Nxf4 30. Qf3 Rd4 31. Ba4 Rxc4 32. Bb3 Rc5 33. Nxf7 Rf8
34. Rc1 Nd7 35. Rcd1 Rh5 36. h3 Nc5 37. Bc4 Nfe6 38. Bb5 Rxf7 39. Bxc6+ Kb8 40.
Rb1+ Kc8 41. Bd7+ Qxd7 42. Qa8+ Kc7 43. Rfc1 Rd5 44. Rb7+ Kd6 45. Rxd7+ Rxd7
46. Re1 Ke7 47. Qh8 h5 48. Qg7+ Kd6 49. Qxg6 h4 50. Qf6 Rd4 51. Kh2 Rg7 52.
Qe5+ Kd7 53. Qb8 a6 54. Re5 Rg5 55. Qa7+ Kc6 56. Qa8+ Kc7 57. Re2 Kd6 58. Qb8+
Ke7 59. Qh8 Kf7 60. Qh7+ Kf6 61. Qh6+ Kf7 62. Qh7+ Kf6 63. Qh6+ Kf7 64. Qh7+
1/2-1/2

[Event "M.Chigorin Memorial"]
[Site "St. Petersburg RUS"]
[Date "2009.10.17"]
[Round "2.10"]
[White "Levin, Evgeny A"]
[Black "Sakaev, Konstantin"]
[Result "1/2-1/2"]
[WhiteElo "2450"]
[BlackElo "2625"]
[PlyCount "34"]
[EventDate "2009.??.??"]

1. d4 Nf6 2. c4 g6 3. Nc3 Bg7 4. e4 d6 5. Nf3 O-O 6. Be2 e5 7. O-O Nbd7 8. Qc2
Nh5 9. Bg5 Bf6 10. Bxf6 Qxf6 11. Rfd1 Nf4 12. Nd5 Nxe2+ 13. Qxe2 Qd8 14. Qe3 c6
15. Nc3 Qe7 16. Rd2 Re8 17. Rad1 Nf6 1/2-1/2

[Event "M.Chigorin Memorial"]
[Site "St. Petersburg RUS"]
[Date "2009.10.17"]
[Round "2.11"]
[White "Volkov, Sergey"]
[Black "Ovod, Evgenija"]
[Result "1-0"]
[WhiteElo "2616"]
[BlackElo "2447"]
[PlyCount "57"]
[EventDate "2009.??.??"]

1. d4 d5 2. c4 c6 3. Nf3 Nf6 4. e3 e6 5. b3 Nbd7 6. Bb2 Bd6 7. Bd3 O-O 8. O-O
b6 9. Nc3 Bb7 10. Qe2 Qe7 11. cxd5 exd5 12. Ba6 Rab8 13. Bxb7 Rxb7 14. Rac1 Ne4
15. Nxe4 dxe4 16. Nd2 c5 17. Nc4 Bb8 18. Rfd1 f5 19. g3 cxd4 20. Bxd4 Rc7 21.
a4 Rc6 22. Bb2 Rfc8 23. Rd5 Qe6 24. Qd1 Ne5 25. Rd8+ Kf7 26. Nxe5+ Bxe5 27.
Rxc8 Rxc8 28. Rxc8 Bxb2 29. Qh5+ 1-0

[Event "M.Chigorin Memorial"]
[Site "St. Petersburg RUS"]
[Date "2009.10.17"]
[Round "2.12"]
[White "Ju, Wenjun"]
[Black "Negi, Parimarjan"]
[Result "0-1"]
[WhiteElo "2443"]
[BlackElo "2615"]
[PlyCount "118"]
[EventDate "2009.??.??"]

1. d4 Nf6 2. c4 g6 3. Nf3 Bg7 4. g3 d5 5. cxd5 Nxd5 6. Bg2 Nb6 7. Nc3 Nc6 8.
Bf4 O-O 9. e3 h6 10. h4 Bg4 11. Rc1 e5 12. dxe5 Nc4 13. Qxd8 Rfxd8 14. O-O
N4xe5 15. Nxe5 Nxe5 16. Bxe5 Bxe5 17. Rc2 c6 18. Rfc1 Rd7 19. b3 Rad8 20. Be4
Rd2 21. Na4 Bd1 22. Rxd2 Rxd2 23. Kf1 Bg4 24. Rc2 Rd8 25. Kg2 Bd1 26. Rc1 f5
27. Bc2 Be2 28. b4 Rd2 29. Bb3+ Kh7 30. Nc5 b6 31. Ne6 Bd3 32. Rd1 Bc3 33. Rxd2
Bxd2 34. Nf4 Be4+ 35. f3 Bb1 36. Kf2 Bxb4 37. Ke2 b5 38. Kd1 Ba3 39. Ne2 c5 40.
Nc3 Bd3 41. Bc2 Bc4 42. Bb3 Bf1 43. Ke1 Bd3 44. Kd2 c4 45. Bc2 Bxc2 46. Kxc2 a6
47. Nd5 Bd6 48. g4 fxg4 49. fxg4 Kg7 50. Kc3 Kf7 51. e4 h5 52. gxh5 gxh5 53. a4
Ke6 54. axb5 axb5 55. Kd4 Kd7 56. Nb6+ Ke6 57. Nxc4 bxc4 58. Kxc4 Ke5 59. Kd3
Bc5 0-1

[Event "M.Chigorin Memorial"]
[Site "St. Petersburg RUS"]
[Date "2009.10.17"]
[Round "2.13"]
[White "Andriasian, Zaven"]
[Black "Ponfilenok, Vladimir"]
[Result "1/2-1/2"]
[WhiteElo "2612"]
[BlackElo "2440"]
[PlyCount "59"]
[EventDate "2009.??.??"]

1. d4 e6 2. c4 f5 3. Nf3 Nf6 4. Nc3 Bb4 5. Qb3 c5 6. Bg5 O-O 7. e3 h6 8. Bxf6
Qxf6 9. Be2 Nc6 10. O-O Bxc3 11. Qxc3 d6 12. Rfd1 e5 13. dxe5 dxe5 14. Rd5 e4
15. Ne5 Nxe5 16. Rxe5 b6 17. Rd1 Bb7 18. Rd7 Bc6 19. Rde7 Rae8 20. Rxe8 Bxe8
21. Rd5 Qxc3 22. bxc3 Bc6 23. Rd6 Be8 24. f3 exf3 25. Bxf3 Kf7 26. Bd5+ Ke7 27.
Re6+ Kd7 28. e4 fxe4 29. Rxe4 Rf6 30. h4 1/2-1/2

[Event "M.Chigorin Memorial"]
[Site "St. Petersburg RUS"]
[Date "2009.10.17"]
[Round "2.14"]
[White "Goganov, Aleksey"]
[Black "Lysyj, Igor"]
[Result "1/2-1/2"]
[WhiteElo "2442"]
[BlackElo "2612"]
[PlyCount "30"]
[EventDate "2009.??.??"]

1. e4 d5 2. exd5 Qxd5 3. Nc3 Qd6 4. d4 Nf6 5. Nf3 g6 6. g3 Bg7 7. Bg2 Qa6 8.
Bf4 c6 9. Qd2 O-O 10. O-O-O Be6 11. a3 Rd8 12. Bh6 Nbd7 13. Rhe1 Nf8 14. Bxg7
Kxg7 15. Ne5 Rac8 1/2-1/2

[Event "M.Chigorin Memorial"]
[Site "St. Petersburg RUS"]
[Date "2009.10.17"]
[Round "2.15"]
[White "Iordachescu, Viorel"]
[Black "Bellaiche, Anthony"]
[Result "0-1"]
[WhiteElo "2607"]
[BlackElo "2435"]
[PlyCount "142"]
[EventDate "2009.??.??"]

1. e4 c5 2. Nf3 d6 3. d4 cxd4 4. Nxd4 Nf6 5. Nc3 a6 6. Be3 e6 7. g4 h6 8. Bg2
Nc6 9. h3 Ne5 10. Qe2 g5 11. f4 gxf4 12. Bxf4 Nfd7 13. O-O-O Qc7 14. Qf2 b5 15.
Nce2 Be7 16. Kb1 Bb7 17. Rhf1 O-O-O 18. Nb3 Kb8 19. Bh2 Rc8 20. Nf4 Nf6 21. Qe2
Rh7 22. Nd3 Nfd7 23. Bg1 Nc4 24. Qf2 Ndb6 25. c3 h5 26. gxh5 Bg5 27. e5 Be3 28.
exd6 Qxd6 29. Qe2 Bxg2 30. Qxg2 Ka7 31. Nb4 Qc7 32. Nd4 Bxd4 33. Rxd4 a5 34.
Nd3 Rxh5 35. Rdf4 f5 36. Nc5 Qc6 37. Qe2 Rh6 38. Rd1 Ka8 39. b3 Nd5 40. Rf3
Nce3 41. Rxe3 Qxc5 42. Rxd5 exd5 43. Rg3 Qc7 44. Rf3 b4 45. Bd4 Rc6 46. Re3
bxc3 47. Kc2 Qf4 48. Qd3 Qd6 49. Qb5 Qa3 50. Rxc3 Rxc3+ 51. Bxc3 Qc5 52. Qxc5
Rxc5 53. Kd3 f4 54. Be5 f3 55. Ke3 Rc2 56. Kxf3 Rxa2 57. h4 Ra3 58. Kg4 Rxb3
59. h5 Rb1 60. h6 Rh1 61. Kg5 Kb7 62. Kg6 Kc6 63. h7 Rxh7 64. Kxh7 Kc5 65. Kg6
d4 66. Kf5 Kd5 67. Bf4 a4 68. Bc1 Kc4 69. Ke4 Kc3 70. Ba3 d3 71. Ke3 Kc2 0-1

[Event "M.Chigorin Memorial"]
[Site "St. Petersburg RUS"]
[Date "2009.10.17"]
[Round "2.16"]
[White "Smirnov, Artem"]
[Black "Vorobiov, Evgeny E"]
[Result "1/2-1/2"]
[WhiteElo "2432"]
[BlackElo "2606"]
[PlyCount "80"]
[EventDate "2009.??.??"]

1. d4 d5 2. c4 dxc4 3. Nf3 e6 4. e3 Nf6 5. Bxc4 c5 6. Qe2 cxd4 7. exd4 Nc6 8.
O-O Nxd4 9. Nxd4 Qxd4 10. Rd1 Qb6 11. Nc3 Bd7 12. Bg5 Bc6 13. Nb5 Be7 14. Be3
Qa5 15. Bd2 Qb6 16. Be3 Qa5 17. a3 Nd5 18. b4 Qd8 19. Nxa7 Ba4 20. Bb5+ Bxb5
21. Qxb5+ Qd7 22. Rac1 Qxb5 23. Nxb5 O-O 24. Bc5 Bxc5 25. Rxc5 Rfc8 26. Rcc1
Kf8 27. h4 g6 28. g3 Rc6 29. Kg2 Rac8 30. Rxc6 Rxc6 31. Kf3 Ke7 32. Rd2 h6 33.
Ke2 Rc1 34. Kd3 Nf6 35. Ke3 h5 36. Kd3 Ng4 37. Ke2 Rc6 38. Nd4 Rc4 39. Nb5 Ne5
40. Nd6 Rc7 1/2-1/2

[Event "M.Chigorin Memorial"]
[Site "St. Petersburg RUS"]
[Date "2009.10.17"]
[Round "2.17"]
[White "Khairullin, Ildar"]
[Black "Matsenko, Sergei"]
[Result "1-0"]
[WhiteElo "2604"]
[BlackElo "2429"]
[PlyCount "85"]
[EventDate "2009.??.??"]

1. c4 c6 2. Nf3 Nf6 3. Nc3 d5 4. e3 e6 5. b3 Nbd7 6. Bb2 Bd6 7. Qc2 Qe7 8. Be2
O-O 9. O-O Re8 10. Rad1 Nf8 11. d4 Ng6 12. Bd3 b6 13. Rfe1 Bb4 14. Qc1 Ne4 15.
Nxe4 Bxe1 16. Rxe1 dxe4 17. Bxe4 Bb7 18. c5 Rad8 19. Qc2 Qc7 20. Rc1 Qc8 21.
Nd2 f5 22. Bf3 e5 23. Nc4 e4 24. Be2 Qc7 25. Nd6 Rxd6 26. cxd6 Qxd6 27. Qc4+
Kh8 28. Qf7 Qe7 29. Qxf5 Bc8 30. Qh5 Qf6 31. f4 exf3 32. Qxf3 Qg5 33. Qg3 Qxg3
34. hxg3 Rxe3 35. Kf2 Re7 36. Rxc6 Bb7 37. Rc2 Rd7 38. Bc4 Ne7 39. Bb5 Rd5 40.
Rc7 Rf5+ 41. Kg1 Rxb5 42. Rxb7 Ng8 43. d5 1-0

[Event "M.Chigorin Memorial"]
[Site "St. Petersburg RUS"]
[Date "2009.10.17"]
[Round "2.18"]
[White "Alavkin, Arseny"]
[Black "Zhigalko, Andrey"]
[Result "1-0"]
[WhiteElo "2428"]
[BlackElo "2601"]
[PlyCount "75"]
[EventDate "2009.??.??"]

1. e4 c5 2. Nf3 Nc6 3. Bb5 Nf6 4. Nc3 Qc7 5. O-O Nd4 6. Re1 a6 7. e5 Nxb5 8.
exf6 gxf6 9. Nd5 Qc6 10. c4 Nc7 11. Nxc7+ Qxc7 12. d4 d6 13. Bf4 cxd4 14. Qxd4
e5 15. Qc3 Be6 16. Nd2 Be7 17. Bg3 Rg8 18. Rac1 Rc8 19. Qd3 f5 20. f4 Qc6 21.
Qe2 exf4 22. Bxf4 Rg4 23. g3 Bd8 24. h3 Rg6 25. Nf3 Kf8 26. c5 dxc5 27. Ne5 Qa4
28. Nxg6+ hxg6 29. Qe5 Bc7 30. Qxc5+ Kg7 31. Bxc7 Rxc7 32. Qxc7 Qd4+ 33. Kf1
Qd3+ 34. Re2 Qf3+ 35. Ke1 Qh1+ 36. Kd2 Qd5+ 37. Ke1 Qh1+ 38. Kf2 1-0

[Event "M.Chigorin Memorial"]
[Site "St. Petersburg RUS"]
[Date "2009.10.17"]
[Round "2.19"]
[White "Fedorov, Alexei"]
[Black "Utegaliyev, Azamat"]
[Result "1-0"]
[WhiteElo "2600"]
[BlackElo "2427"]
[PlyCount "105"]
[EventDate "2009.??.??"]

1. e4 e5 2. Nf3 Nc6 3. Bb5 Nf6 4. O-O Bc5 5. c3 O-O 6. d4 Bb6 7. dxe5 Nxe4 8.
Qd5 Nc5 9. Re1 Ne7 10. Qd1 a6 11. Bf1 Ne6 12. Nbd2 d5 13. exd6 Qxd6 14. Qc2 Qd8
15. Nc4 Ba7 16. Be3 Bxe3 17. Nxe3 Nd5 18. Rad1 Nxe3 19. Rxe3 Qf6 20. Ne5 b5 21.
a4 Rb8 22. a5 Nf4 23. Nd7 Bxd7 24. Rxd7 Rbd8 25. Rxd8 Rxd8 26. g3 Ne6 27. h4 g6
28. Bh3 Rd6 29. Qe2 Kg7 30. Kg2 h5 31. Rf3 Qd8 32. Kh2 f5 33. Bxf5 gxf5 34.
Rxf5 Nf8 35. Qxh5 Rf6 36. Qg5+ Kf7 37. h5 Qe7 38. g4 Rxf5 39. Qxf5+ Qf6 40.
Qxf6+ Kxf6 41. f4 Ne6 42. Kg3 Nc5 43. g5+ Kf5 44. h6 Ne4+ 45. Kh4 Kg6 46. f5+
Kh7 47. Kh5 Ng3+ 48. Kg4 Ne4 49. Kf4 Nf2 50. Ke5 Nd3+ 51. Kf6 Nf4 52. Ke7 c5
53. f6 1-0